Good intentions aside (Record no. 44787)

MARC details
000 -LEADER
fixed length control field 00658nam a2200193 a 4500
008 - FIXED-LENGTH DATA ELEMENTS--GENERAL INFORMATION
fixed length control field 120416s1990 ||||||||||||||||| || u
020 ## - INTERNATIONAL STANDARD BOOK NUMBER
International Standard Book Number 0875842259
050 ## - LIBRARY OF CONGRESS CALL NUMBER
Classification number HF 5387 Nas
100 ## - MAIN ENTRY--PERSONAL NAME
Personal name Nash, Laura L
245 10 - TITLE STATEMENT
Title Good intentions aside
246 ## - VARYING FORM OF TITLE
Title proper/short title a manager's guide to resolving ethical problems
260 ## - PUBLICATION, DISTRIBUTION, ETC.
Place of publication, distribution, etc. Boston, Mass.
Name of publisher, distributor, etc. Havard Business School Press
Date of publication, distribution, etc. 1990
300 ## - PHYSICAL DESCRIPTION
Extent xv, 259p.
350 ## - PRICE (NR) (BK AM CF MU VM SE) [OBSOLETE]
Price 0.00
500 ## - GENERAL NOTE
General note Bibliography.
650 ## - SUBJECT ADDED ENTRY--TOPICAL TERM
Topical term or geographic name entry element BUSINESS ETHICS
650 #0 - SUBJECT ADDED ENTRY--TOPICAL TERM
Topical term or geographic name entry element BUSINESS
995 ## - RECOMMENDATION 995 [LOCAL, UNIMARC FRANCE]
-- 0.00
-- CBU-MAIN LIBRARY (Kitwe)
-- 1
-- 24.95
-- 1
-- AVAILABLE
-- Main Library Open Access Collection
Holdings
Withdrawn status Lost status Source of classification or shelving scheme Damaged status Not for loan Home library Current library Shelving location Date acquired Total Checkouts Full call number Barcode Date last seen Price effective from Koha item type
          CBU-MAIN LIBRARY, KITWE. CBU-MAIN LIBRARY, KITWE.   11/30/2022   HF 5387 Nas 004869 11/30/2022 11/30/2022 MONOGRAPH